Statistiken für guess the Insider

Klicken Sie hier um das Quiz zu spielen!

Allgemein

  • Dieses Quiz wurde 6 mal gespielt
  • Das Durchschnittsergebnis liegt bei 5 aus 15

Antwortstatistiken

TippsInsider% Korrekt
bester Supermarkt der WeltLIDL
75%
Wie viele cm hinterm Netz ist die Grundlinie?1
50%
Was?#danke Eileen
25%
Geburtstagsgeschenk von Jonas (lange Haare)Dieter Bohlen
25%
schlimmste LIDL MitarbeiterinFrau Hoffmann
25%
lehrer am CBG/ MarienschuleHerr Hendricks
25%
rolling StonesHerr Kirstner
25%
Arschloch, Wichser, ...hurensöhne
25%
Auf wen geht jede Rechnung beim DJK tc?Niehoff
25%
Hausdülmen-IkoneOlaf Jansen
25%
Du bist ja gar nicht so... geworden!Räucherofen Oma
25%
... ist 3 mal zu wenig.Räucherofen Ulli
25%
gehe nicht zum...Silbersee 1
25%
und auch nicht zum...Silbersee 3
25%
19:00...Wembley
25%

Verteilung der Resultate

Perzentil nach korrekt beantworteten Fragen

Anzahl Personen mit jedem Resultat

Ihre Resultats-Entwicklung

Sie haben dieses Quiz noch nicht gespielt